<?xml version="1.0" encoding="UTF-8"?><?xml-stylesheet type="text/xsl" href="static/style.xsl"?><OAI-PMH xmlns="http://www.openarchives.org/OAI/2.0/" xmlns:xsi="http://www.w3.org/2001/XMLSchema-instance" xsi:schemaLocation="http://www.openarchives.org/OAI/2.0/ http://www.openarchives.org/OAI/2.0/OAI-PMH.xsd"><responseDate>2026-04-13T16:53:06Z</responseDate><request verb="GetRecord" identifier="oai:www.recercat.cat:10256/27272" metadataPrefix="marc">https://recercat.cat/oai/request</request><GetRecord><record><header><identifier>oai:recercat.cat:10256/27272</identifier><datestamp>2025-09-18T12:56:00Z</datestamp><setSpec>com_2072_452955</setSpec><setSpec>com_2072_2054</setSpec><setSpec>col_2072_453073</setSpec></header><metadata><record xmlns="http://www.loc.gov/MARC21/slim" xmlns:dcterms="http://purl.org/dc/terms/" xmlns:xsi="http://www.w3.org/2001/XMLSchema-instance" xmlns:doc="http://www.lyncode.com/xoai" xsi:schemaLocation="http://www.loc.gov/MARC21/slim http://www.loc.gov/standards/marcxml/schema/MARC21slim.xsd">
   <leader>00925njm 22002777a 4500</leader>
   <datafield ind2=" " ind1=" " tag="042">
      <subfield code="a">dc</subfield>
   </datafield>
   <datafield ind2=" " ind1=" " tag="720">
      <subfield code="a">Brotons Rufes, Artur</subfield>
      <subfield code="e">author</subfield>
   </datafield>
   <datafield ind2=" " ind1=" " tag="720">
      <subfield code="a">Martínez, Juan Pablo</subfield>
      <subfield code="e">author</subfield>
   </datafield>
   <datafield ind2=" " ind1=" " tag="720">
      <subfield code="a">Joly, Nicolas</subfield>
      <subfield code="e">author</subfield>
   </datafield>
   <datafield ind2=" " ind1=" " tag="720">
      <subfield code="a">Gaillard, Sylvain</subfield>
      <subfield code="e">author</subfield>
   </datafield>
   <datafield ind2=" " ind1=" " tag="720">
      <subfield code="a">Renaud, Jean Luc</subfield>
      <subfield code="e">author</subfield>
   </datafield>
   <datafield ind2=" " ind1=" " tag="720">
      <subfield code="a">Posada-Pérez, Sergio</subfield>
      <subfield code="e">author</subfield>
   </datafield>
   <datafield ind2=" " ind1=" " tag="720">
      <subfield code="a">Poater Teixidor, Albert</subfield>
      <subfield code="e">author</subfield>
   </datafield>
   <datafield ind2=" " ind1=" " tag="260">
      <subfield code="c">2025-07-08</subfield>
   </datafield>
   <datafield ind2=" " ind1=" " tag="520">
      <subfield code="a">Olefin metathesis has traditionally been dominated by molybdenum and ruthenium-based catalysts, but the pursuit of sustainable and earth-abundant alternatives has driven interest in first-row transition metals particularly iron. While iron is an attractive candidate due to its abundance, low toxicity, and cost-effectiveness, significant challenges hinder its successful implementation in metathesis reactions. This review examines the electronic and structural properties of iron that contribute to its catalytic limitations, including high-spin configurations, weak metal-alkylidene interactions, and a pronounced tendency toward cyclopropanation. Computational and experimental efforts to overcome these obstacles are discussed, focusing on ligand design strategies and mechanistic insights. Additionally, the potential of manganese as an alternative to iron is explored. This work underscores the complexities of first-row transition metal catalysts in olefin metathesis and highlights future directions for achieving practical, efficient iron-based systems. Future research should focus on refining ligand architectures to stabilize key intermediates, leveraging computational insights to predict reactivity trends, and further investigating the role of metal oxidation states in metathesis activity. While the transition to first-row transition metals remains a challenge, ongoing advancements continue to push the boundaries of sustainable catalysis, bringing the dream of practical iron- or manganese-based olefin metathesis closer to reality</subfield>
   </datafield>
   <datafield ind2=" " ind1=" " tag="520">
      <subfield code="a">Research funding: Polish National Science Center. Grant Number: UMO-2023/51/D/ST4/01561; Ministère de la Recherche et des Nouvelles Technologies Normandie Université University of Caen Normandie CNRS Région Normandie. Grant Number: ANR-11-LABEX-0029 and European Union. Grant Number: HORIZON-MSCA-2022-DN-01 Project:101119574.&#xd;
Open Access funding provided thanks to the CRUE-CSIC agreement with Wiley</subfield>
   </datafield>
   <datafield ind1="8" ind2=" " tag="024">
      <subfield code="a">http://hdl.handle.net/10256/27272</subfield>
   </datafield>
   <datafield tag="653" ind2=" " ind1=" ">
      <subfield code="a">Metalls de transició</subfield>
   </datafield>
   <datafield tag="653" ind2=" " ind1=" ">
      <subfield code="a">Transition metals</subfield>
   </datafield>
   <datafield tag="653" ind2=" " ind1=" ">
      <subfield code="a">Metàtesi (Química)</subfield>
   </datafield>
   <datafield tag="653" ind2=" " ind1=" ">
      <subfield code="a">Metathesis (Chemistry)</subfield>
   </datafield>
   <datafield tag="653" ind2=" " ind1=" ">
      <subfield code="a">Alquens</subfield>
   </datafield>
   <datafield tag="653" ind2=" " ind1=" ">
      <subfield code="a">Alkenes</subfield>
   </datafield>
   <datafield ind2="0" ind1="0" tag="245">
      <subfield code="a">First Row Transition Metals in Olefin Metathesis: The Role of Iron and Manganese</subfield>
   </datafield>
</record></metadata></record></GetRecord></OAI-PMH>